Greek players in European Big Five (2000-) - Statistics

General Stats
  • This quiz has been taken 36 times
  • The average score is 20 of 101
Answer Stats
Ranking Player Positions Nationality Matches Goals (assists) Periods Clubs % Correct
2 Kostas Manolas DF 224 9 (5) 2014-2021, 2023-2024
93%
1 Sokratis Papastathopoulos DF 304 14 (5) 2008-2019, 2023-2024
86%
10 Konstantinos Mavropanos DF 139 7 (1) 2017-2018, 2020-2025
82%
32 Kostas Tsimikas DF 66 0 (10) 2020-2025
79%
35 Giorgos Karagounis MF 60 1 (1) 2003-2004, 2012-2014
71%
17 Angelos Charisteas FW 132 27 (11) 2002-2004, 2007-2011
64%
34 Georgios Samaras MF, FW 60 8 (7) 2005-2007, 2014-2015
61%
79 Odisseas Vlachodimos GK 8 0 (0) 2015-2016, 2023-2024
61%
99 Panagiotis Vlachodimos MF, FW 1 0 (0) 2013-2014
61%
97 Christos Papadopoulos FW 1 0 (0) 2023-2024
57%
69 Dimitris Papadopoulos FW 14 1 (1) 2008-2009
57%
15 Kyriakos Papadopoulos DF, MF 136 8 (4) 2010-2018
57%
12 José Holebas DF, MF 138 7 (16) 2014-2020
54%
14 Theofanis Gekas FW 138 55 (10) 2006-2010, 2012-2013
54%
44 Panagiotis Retsos DF 42 1 (3) 2017-2018, 2019-2023
43%
38 Traianos Dellas DF 52 2 (1) 2001-2005
43%
101 Vasileios Pavlidis FW 1 0 (0) 2020-2021
43%
7 Charalambos Lykogiannis DF, FW 161 9 (10) 2017-2025
36%
67 Christos Tzolis MF, FW 14 0 (0) 2021-2022
36%
42 Dimitris Giannoulis DF 49 1 (5) 2021-2022, 2024-2025
36%
5 Giorgos Kyriakopoulos DF, FW 164 4 (16) 2019-2025
32%
3 Ioannis Amanatidis MF, FW 198 54 (11) 2002-2011
32%
50 Konstantinos Koulierakis DF 30 0 (2) 2024-2025
32%
6 Panagiotis Kone MF 162 14 (8) 2010-2017
32%
21 Vasilis Torosidis DF, MF 104 5 (0) 2012-2018
32%
25 Anastasios Donis MF, FW 91 12 (5) 2016-2022
29%
33 Anastasios Douvikas FW 65 12 (4) 2023-2025
29%
48 Kostas Mitroglou FW 36 12 (0) 2013-2014, 2017-2019
29%
13 Orestis Karnezis GK 138 0 (0) 2013-2019
29%
19 Kostas Stafylidis DF, MF 108 6 (3) 2013-2014, 2015-2019, 2021-2023
25%
40 Alexandros Tziolis MF 50 1 (2) 2008-2012
21%
61 Christos Mandas GK 18 0 (0) 2023-2025
21%
27 Nikos Dabizas DF 78 3 (0) 2000-2004
21%
11 Stelios Giannakopoulos MF, FW 139 20 (11) 2003-2009
21%
23 Angelos Basinas MF 94 1 (1) 2005-2011
18%
26 George Baldock DF 83 2 (6) 2019-2020, 2023-2024
18%
53 Kostas Fortounis MF, FW 28 0 (4) 2011-2012
18%
51 Manolis Saliakas DF, MF 30 2 (1) 2024-2025
18%
24 Sotirios Kyrgiakos DF 93 11 (0) 2006-2007, 2009-2013
18%
72 Sotiris Ninis MF, FW 14 0 (2) 2012-2013
18%
49 Theodoros Zagorakis MF 32 0 (3) 2004-2005
18%
20 Zisis Vryzas FW 107 25 (3) 2000-2004
18%
28 Dimitris Nikolaou DF 76 1 (0) 2018-2019, 2021-2023
14%
45 Giannis Fetfatzidis MF 40 4 (3) 2013-2015
14%
70 Giorgos Masouras MF, FW 14 2 (1) 2024-2025
14%
36 Giourkas Seitaridis DF 59 0 (4) 2006-2009
14%
75 Grigoris Georgatos DF, MF 10 1 (1) 2001-2002
14%
31 Lazaros Christodoulopoulos MF, FW 71 5 (7) 2012-2016
14%
39 Sebastian Vasiliadis MF 51 1 (1) 2019-2020, 2021-2022
14%
85 Stefanos Kapino GK 5 0 (0) 2014-2015, 2018-2019, 2021-2022
14%
74 Alexandros Tzorvas GK 12 0 (0) 2011-2013
11%
58 Demis Nikolaidis FW 22 6 (2) 2003-2004
11%
68 Dimitris Limnios MF, FW 14 0 (0) 2020-2021, 2022-2023
11%
16 Dimitris Siovas DF 134 5 (1) 2016-2021
11%
56 Efthimis Koulouris FW 24 4 (2) 2019-2020
11%
83 Kostas Chalkias GK 5 0 (0) 2004-2005
11%
29 Loukas Vyntra DF 75 2 (0) 2012-2015
11%
8 Stathis Tavlaridis DF 158 2 (2) 2002-2010
11%
87 Thomas Kastanaras DF, FW 4 0 (0) 2022-2023
11%
86 Charalampos Mavrias DF, FW 4 0 (0) 2013-2014
7%
60 Lampros Choutos MF, FW 20 2 (0) 2004-2007
7%
66 Panos Katseris DF 15 1 (1) 2023-2024
7%
4 Vangelis Moras DF 182 5 (2) 2008-2011, 2013-2016
7%
77 Vasileios Pliatsikas DF, MF 9 0 (0) 2009-2011
7%
22 Akis Zikos MF 101 2 (6) 2002-2006
4%
57 Apostolos Vellios FW 22 3 (1) 2010-2013
4%
91 Christos Kourfalidis MF, FW 2 0 (0) 2021-2022
4%
18 Dimitrios Grammozis MF 111 3 (6) 2000-2006
4%
65 Fanis Katergiannakis GK 15 0 (0) 2004-2005
4%
55 Georgios Tzavellas DF 25 1 (2) 2010-2011
4%
94 Leonardo Koutris DF 2 0 (0) 2019-2020
4%
78 Leonidas Kampantais FW 8 1 (0) 2007-2008
4%
43 Marios Oikonomou DF 49 0 (1) 2013-2014, 2015-2017, 2022-2023
4%
52 Michalis Kapsis DF 29 0 (0) 2004-2005
4%
46 Nikolaos Karabelas DF 40 0 (2) 2012-2016
4%
41 Nikos Liberopoulos MF, FW 50 10 (3) 2008-2010
4%
71 Nikos Machlas MF, FW 14 2 (0) 2002-2003
4%
9 Panagiotis Tachtsidis MF 156 7 (13) 2012-2016, 2019-2020
4%
59 Stelios Malezas DF 21 0 (0) 2012-2013
4%
100 Theocharis Tsingaras MF 1 0 (0) 2022-2023
4%
54 Vassilis Lambropoulos DF 28 0 (0) 2021-2023
4%
90 Apostolos Liolidis FW 2 0 (0) 2002-2003
0%
47 Dimitrios Eleftheropoulos GK 38 0 (0) 2004-2005, 2006-2009
0%
98 Dimitrios Keramitsis MF 1 0 (0) 2021-2022
0%
92 Dimitris Nalitzis FW 2 0 (0) 2001-2002
0%
93 Filippos Darlas DF 2 0 (0) 2010-2011
0%
81 Georgios Vakouftsis FW 7 0 (0) 2001-2002
0%
62 Giannis Skopelitis MF 18 0 (0) 2004-2006
0%
88 Kostas Kiassos MF 3 0 (0) 2004-2005
0%
30 Kostas Konstantinidis DF 73 4 (3) 2000-2004
0%
64 Kostas Louboutis DF 17 0 (2) 2002-2004
0%
95 Nikos Spyropoulos DF 2 0 (0) 2012-2013
0%
73 Pantelis Hatzidiakos DF 13 0 (0) 2023-2024
0%
84 Savvas Gentsoglou MF 5 0 (0) 2013-2014
0%
89 Takis Gonias MF 3 0 (0) 2004-2005
0%
37 Thanos Petsos DF, MF 57 1 (0) 2009-2012, 2016-2017
0%
80 Triantafyllos Pasaridīs DF 8 0 (0) 2023-2024
0%
82 Vaggelis Nastos DF 7 0 (0) 2003-2004
0%
76 Vangelis Mantzios FW 10 1 (0) 2007-2008
0%
96 Vasilios Zagaritis DF 2 0 (0) 2020-2021
0%
63 Vasilis Lakis MF, FW 18 0 (1) 2004-2005
0%
No matching quizzes found
Score Distribution
Percent of People with Each Score
Percentile by Number Answered
Your Score History
You have not taken this quiz